| 000 | 01214nam a2200325 i 4500 | ||
|---|---|---|---|
| 001 | 000019120 | ||
| 003 | DO-SdBNP | ||
| 005 | 20250307073709.0 | ||
| 007 | ta | ||
| 008 | 100526s1998 dr 000 0 spa d | ||
| 040 |
_aDO-SdBNP _bspa _cBNPHU _erda |
||
| 082 | 4 |
_a410 _bG643p _222 |
|
| 100 | 1 |
_aGonzález Tapia, Carlisle, _917929 _eautor |
|
| 245 | 1 | 3 |
_aEl pensamiento lingüístico de Pedro Henríquez Ureña / _cCarlisle González Tapia. |
| 264 |
_aSanto Domingo : _bUASD, _c1998. |
||
| 300 |
_a184 páginas ; _c21 cm. |
||
| 336 |
_2rdacontent _atexto _btxt |
||
| 337 |
_2rdamedia _asin mediación _bn |
||
| 338 |
_2rdacarrier _avolumen _bnc |
||
| 490 |
_aPublicaciones de la Universidad Autónoma de Santo Domingo _v865 |
||
| 490 |
_aLingüística y Sociedad _v14 |
||
| 500 | _aPrimer lingüista dominicano y primer dialectólogo de hispanoamérica | ||
| 500 | _aIncluye referencias bibliográficas y notas al pie de las páginas | ||
| 504 | _aBibliografía : p. 179-184 | ||
| 590 | _aInventariado, 2024/BT | ||
| 600 | 1 | 0 |
_aHenríquez Ureña, Pedro, _d1884-1946 _91718 |
| 650 | 4 |
_aLinguística _xCrítica e interpretación _941140 |
|
| 650 | 4 |
_aEl español en Santo Domingo _941141 |
|
| 942 |
_2ddc _cLBS1 |
||
| 999 |
_c18638 _d18638 |
||